El niño del mañana : (Record no. 110192)

MARC details
000 -CABECERA
campo de control de longitud fija 00863nam a2200241 a 4500
005 - FECHA Y HORA DE LA ÚLTIMA TRANSACCIÓN
campo de control 20210223125621.0
008 - ELEMENTOS DE LONGITUD FIJA--INFORMACIÓN GENERAL
campo de control de longitud fija 050408s1992 es r 000 0 spa d
020 ## - NÚMERO INTERNACIONAL NORMALIZADO PARA LIBROS
Número Internacional Estándar del Libro 8487682057
035 ## - NÚMERO DE CONTROL DEL SISTEMA
Número de control de sistema UPN01000138041
049 ## - COLECCIÓN
Colección CG
050 #4 - SIGNATURA TOPOGRÁFICA DE LA BIBLIOTECA DEL CONGRESO
Número de clasificación RG133.5
Número de documento/Ítem B5.6
100 1# - ASIENTO PRINCIPAL--NOMBRE PERSONAL
Nombre de persona Birke, Lynda
245 13 - MENCIÓN DE TÍTULO
Título El niño del mañana :
Resto del título tecnologías reproductoras en los años 90 /
Mención de responsabilidad, etc. Lynda Birke, Susan Himmelweit, Gail Vines ; tr. Joseph M. Apfelbäume.
260 ## - PUBLICACIÓN, DISTRIBUCIÓN, ETC.
Lugar de publicación, distribución, etc. Barcelona, Esp. :
Nombre del editor, distribuidor, etc. Pomares-Corredor,
Fecha de publicación, distribución, etc. 1992.
300 ## - DESCRIPCIÓN FÍSICA
Extensión 316 p.
440 #0 - MENCIÓN DE SERIE/ASIENTO SECUNDARIO--TÍTULO
Título Ciencia y tecnología
534 ## - NOTA SOBRE LA VERSIÓN ORIGINAL
Frase introductoria Título original :
Mención de título del original Tomorrow's child
650 #4 - ASIENTO SECUNDARIO DE MATERIA - TERMINO TEMATICO
Término de materia o nombre geográfico como elemento de entrada TECNOLOGIA REPRODUCTIVA HUMANA -
Subdivisión general ASPECTOS MORALES Y ETICOS
9 (RLIN) 987
650 #4 - ASIENTO SECUNDARIO DE MATERIA - TERMINO TEMATICO
Término de materia o nombre geográfico como elemento de entrada TECNOLOGIA REPRODUCTIVA HUMANA -
Subdivisión general ASPECTOS POLITICOS
9 (RLIN) 988
700 1# - ASIENTO SECUNDARIO--NOMBRE DE PERSONAL
Nombre de persona Himmelweit, Susan,
Término indicativo de función/relación coaut.
700 1# - ASIENTO SECUNDARIO--NOMBRE DE PERSONAL
Nombre de persona Vines, Gail,
Término indicativo de función/relación coaut.
905 ## - TIPO DE MATERIAL
Tipo de material Libro
Holdings
Estado de retiro Estado de pérdida Fuente del sistema de clasificación o colocación Estado dañado No para préstamo Código de colección Localización permanente Ubicación/localización actual Ubicación en estantería Total de préstamos Clasificación Código de barras Fecha visto por última vez Número de copia Tipo de ítem Koha Fecha del último préstamo
    Library of Congress Classification     Colección General Bib. Gregorio Torres Quintero Bib. Gregorio Torres Quintero Planta baja   RG133.5 B5.6 211731 31/12/2020 1 Libro  
    Library of Congress Classification     Colección General Bib. Gregorio Torres Quintero Bib. Gregorio Torres Quintero Planta baja 1 RG133.5 B5.6 278632 25/10/2024 1 Libro 21/10/2024